000 00738nam a2200229Ia 4500
008 250806s9999||||xx |||||||||||||| ||und||
020 _a9780849337253;0849337259
060 _aWT 155
_b.O95 2006
245 0 _aOxidative stress and age-related neurodegeneration /
_cedited by Yuan Luo, Lester Packer.
260 _aBoca Raton :
_bTaylor & Francis,
_c2006
300 _a499 p. :
_bill.
_c23.5 cm.
490 _aOxidative stress and disease
504 _aIncludes bibliographical references and index.
650 _aAging
650 _aAlzheimer Disease
650 _aAntioxidants
650 _aNeurodegenerative Diseases
650 _aOxidative Stress
700 _aLuo, Yuan.
700 _aPacker, Lester.
942 _bDIMC
_cBK
999 _c26668
_d26668